[Event "XXVI Miedzynarodowy Festiwal Szachowy w Poznaniu - OPEN A"]
[Site "Poznan"]
[Date "2018-08-25"]
[Round "8.7"]
[White "Norov, Artem "]
[Black "Jaroch, Karol"]
[Result "1/2-1/2"]
[WhiteTitle ""]
[BlackTitle ""]
[WhiteElo "1905"]
[BlackElo "2222"]

1. d4 e6 2. c4 Nf6 3. Nf3 b6 4. a3 Bb7 5. Nc3 Be7 6. Bg5 O-O 7. e3 h6 8. Bh4 Ne4
9. Bxe7 Qxe7 10. Nxe4 Bxe4 11. Bd3 Bxd3 12. Qxd3 1/2-1/2

[Event "XXVI Miedzynarodowy Festiwal Szachowy w Poznaniu - OPEN A"]
[Site "Poznan"]
[Date "2018-08-25"]
[Round "8.8"]
[White "Malyovanyi, Yulian "]
[Black "Nowak, Mikolaj "]
[Result "1/2-1/2"]
[WhiteTitle ""]
[BlackTitle ""]
[WhiteElo "2188"]
[BlackElo "2101"]

1. e4 c6 2. d4 d5 3. Nc3 dxe4 4. Nxe4 Bf5 5. Ng3 Bg6 6. h4 h6 7. Nf3 Nd7 8. h5
Bh7 9. Bd3 Bxd3 10. Qxd3 e6 11. Bf4 Qa5+ 12. Bd2 Bb4 13. c3 Be7 14. c4 Qc7 15.
O-O-O Ngf6 16. Kb1 Rd8 17. Rhe1 O-O 18. Bc3 Bd6 19. Ne4 Nxe4 20. Qxe4 Nf6 21.
Qh4 Be7 22. Ne5 b5 23. cxb5 cxb5 24. Rc1 Qb7 25. Bd2 Rc8 26. f3 Rxc1+ 27. Rxc1
Rc8 28. Rxc8+ Qxc8 29. Qf4 Bd6 30. g4 Qc7 31. Qe3 Nd5 32. Qe4 a6 33. a3 Qb6 34.
Nd3 Qc6 35. Ne5 Qc7 36. f4 Qb6 37. f5 Bxe5 38. dxe5 Qc6 39. Qd4 f6 40. exf6 Nxf6
41. fxe6 Qxe6 42. Bc3 Qxg4 43. Qd8+ Kh7 44. Bxf6 Qf5+ 45. Ka1 Qxf6 46. Qe8 Qf5
47. Ka2 g6 48. hxg6+ Qxg6 49. Qe7+ Kg8 50. Qd8+ Kg7 51. Qd4+ Qf6 52. Qg4+ Kf8
53. Qc8+ Ke7 54. Qb7+ Ke8 55. Qc8+ Kf7 56. Qd7+ Qe7 57. Qf5+ Kg7 58. Ka1 Qe1+
59. Ka2 Qe2 60. Qd7+ Kf6 61. Qd8+ Qe7 62. Qd4+ Kf5 63. Qf2+ Kg6 64. Qg3+ Kf7 65.
Qf4+ Kg7 66. Qg4+ Kh8 67. Qc8+ Kh7 68. Qf5+ Kh8 69. Qc8+ Kg7 70. Qxa6 Kh7 1/2-1/2

[Event "XXVI Miedzynarodowy Festiwal Szachowy w Poznaniu - OPEN A"]
[Site "Poznan"]
[Date "2018-08-25"]
[Round "8.9"]
[White "Kozlowska, Marzena "]
[Black "Orzechowski, Jacek "]
[Result "0-1"]
[WhiteTitle ""]
[BlackTitle ""]
[WhiteElo "1901"]
[BlackElo "2131"]

1. e4 e6 2. d4 d5 3. exd5 exd5 4. Bd3 Nc6 5. c3 Bd6 6. Be3 Nf6 7. h3 O-O 8. Nd2
Re8 9. Qf3 Qe7 10. O-O-O Ne4 11. g4 Ng3 12. Qxd5 Nxh1 13. Qxh1 Qd8 14. Ngf3 Be7
15. Rg1 Be6 16. Bb1 Na5 17. Ne5 Bd5 18. Qh2 Bd6 19. g5 c5 20. f4 Qc7 21. Ne4 Bxe4
22. Bxe4 cxd4 23. Bxd4 Nc4 24. Qc2 Nxe5 25. fxe5 Bxe5 26. Bxh7+ Kh8 27. Be4 Bxd4
28. cxd4 Qf4+ 0-1

[Event "XXVI Miedzynarodowy Festiwal Szachowy w Poznaniu - OPEN A"]
[Site "Poznan"]
[Date "2018-08-25"]
[Round "8.10"]
[White "Janicki, Rafal "]
[Black "Raczynski, Krzysztof "]
[Result "0-1"]
[WhiteTitle ""]
[BlackTitle ""]
[WhiteElo "1800"]
[BlackElo "2111"]

1. e4 g6 2. d4 Bg7 3. Nc3 d6 4. Nf3 a6 5. a4 Nf6 6. Bc4 O-O 7. O-O Nxe4 8. Nxe4
d5 9. Bd3 dxe4 10. Bxe4 Nd7 11. c3 c5 12. Be3 cxd4 13. Bxd4 e5 14. Be3 Qc7 15.
Qe2 Nf6 16. Bc2 Be6 17. Rfd1 e4 18. Nd4 Bg4 19. f3 exf3 20. Nxf3 Rfe8 21. Qf2
Bxf3 22. gxf3 Nh5 23. Re1 Be5 24. Rad1 Nf4 25. Bxf4 Bxf4 26. Re4 Rad8 27. Rdd4
Be5 28. Rc4 Qd7 29. Qe2 Bf6 30. Bb3 Rxe4 31. Rxe4 Kg7 32. Kg2 Qf5 33. Qc4 Rd7
34. h3 Qg5+ 35. Kf2 Be5 36. f4 Qh4+ 37. Ke2 Qh5+ 38. Kf2 Bf6 39. Re3 Bh4+ 40.
Kg1 Qf5 41. Kg2 Rd2+ 42. Re2 b5 43. axb5 axb5 44. Rxd2 bxc4 45. Bxc4 Qe4+ 0-1

[Event "XXVI Miedzynarodowy Festiwal Szachowy w Poznaniu - OPEN A"]
[Site "Poznan"]
[Date "2018-08-25"]
[Round "8.11"]
[White "Kozlowski, Tomasz"]
[Black "Zadymov, Ihor"]
[Result "1-0"]
[WhiteTitle ""]
[BlackTitle ""]
[WhiteElo "1858"]
[BlackElo "2102"]

1. e4 c5 2. Nf3 d6 3. Bb5+ Bd7 4. Bxd7+ Qxd7 5. O-O Nf6 6. Qe2 Nc6 7. c3 e6 8.
d4 cxd4 9. cxd4 d5 10. e5 Ne4 11. Nc3 Nxc3 12. bxc3 Be7 13. Be3 Na5 14. Nd2 Rc8
15. Rac1 O-O 16. f4 Ba3 17. Rc2 Qa4 18. Nb1 Nc4 19. Bc1 Be7 20. f5 exf5 21. Qd3
g6 22. Bh6 Rfe8 23. Rcf2 Bf8 24. Bxf8 Rxf8 25. h4 h5 26. g4 Nxe5 27. dxe5 Qxg4+
28. Rg2 Qe4 29. Qg3 Rfe8 30. Re1 f4 31. Qf2 Qf5 32. Rg5 Qh3 33. Qxf4 Rc4 34. Qg3
Qxg3+ 35. Rxg3 Rxh4 36. Rd3 Ra4 37. Re2 Ra5 38. Kf2 Kg7 39. Kf3 g5 40. Nd2 Rxa2
41. Rxd5 Re7 42. Rg2 Rc2 43. Rxg5+ Kh6 44. Ne4 Rxc3+ 45. Kf4 Rc1 46. Ng3 Rc4+
47. Kf5 h4 48. Rh5+ Kg7 49. Ne4 Rc1 50. Rg5+ Kh6 51. Rd6+ Re6 52. Rxe6+ fxe6+
53. Kxe6 h3 54. Rg3 Rc6+ 1-0

[Event "XXVI Miedzynarodowy Festiwal Szachowy w Poznaniu - OPEN A"]
[Site "Poznan"]
[Date "2018-08-25"]
[Round "8.12"]
[White "Kacprzak, Karol"]
[Black "Vesely, Vitek"]
[Result "1/2-1/2"]
[WhiteTitle ""]
[BlackTitle ""]
[WhiteElo "1799"]
[BlackElo "2081"]

1. e4 c5 2. Nf3 e6 3. d4 cxd4 4. Nxd4 Nf6 5. Bd3 Nc6 6. Nxc6 bxc6 7. O-O d5 8.
Nd2 Be7 9. b3 O-O 10. Bb2 a5 11. a4 Ba6 12. Bxa6 Rxa6 13. Qe2 Ra8 14. Rfe1 Bb4
15. c3 Bc5 16. Qf3 Qb6 17. c4 Bd4 18. Bxd4 Qxd4 19. Rad1 Rfd8 20. cxd5 cxd5 21.
exd5 exd5 22. Nc4 Qc5 23. Qe3 Rac8 24. Qxc5 Rxc5 25. Re7 Rb8 26. Nd6 Rxb3 27.
Nxf7 Rc2 28. Ng5 Rbc3 29. Rde1 Rc1 30. Kf1 Rxe1+ 31. Kxe1 Rc4 32. Ra7 g6 33. Rxa5
Rg4 34. Ra8+ Kg7 35. Ra7+ Kg8 36. Ra8+ Kg7 37. Ne6+ Kf7 38. Nd8+ Ke7 39. g3 Rc4
40. Ra6 Kxd8 41. Rxf6 Rxa4 42. Rd6+ Ke7 43. Rxd5 Kf6 44. Ke2 Ra6 45. Rb5 Rc6 46.
Kf3 Ra6 47. Rb7 h6 48. Rb3 Rc6 49. h3 Ra6 50. g4 Rc6 51. Ke4 Rc4+ 52. Kf3 Rc6
53. Rd3 Ra6 54. Kg3 Rb6 55. Rf3+ Ke6 56. Rf8 g5 57. h4 Ke7 58. Rf5 Rg6 59. f4
gxf4+ 60. Kxf4 Ra6 61. Kg3 Ra3+ 62. Kf4 Ra4+ 63. Kf3 Ra3+ 64. Kf4 Ra4+ 65. Kg3
Ra3+ 66. Rf3 Ra5 67. h5 Ra1 68. Kh4 Rh1+ 69. Rh3 Rg1 70. Rf3 Rh1+ 71. Kg3 Ra1
72. Kf4 Kf6 73. Rf2 Ra4+ 74. Kg3+ Kg7 75. Re2 Ra3+ 76. Kf4 Ra4+ 77. Kf5 Ra7 78.
Re5 Rf7+ 79. Ke4 Ra7 80. Re6 Ra4+ 81. Kf5 Ra5+ 82. Kf4 Ra4+ 83. Kg3 Ra7 84. Kh4
Rb7 85. Rg6+ Kh7 86. Rd6 Kg7 87. Kg3 Rb3+ 88. Kf4 Rb4+ 89. Kf5 Rb7 90. Ke6 Ra7
91. Rd5 Rb7 92. g5 hxg5 93. Rxg5+ Kh6 94. Rc5 Rb1 95. Kf6 Rf1+ 96. Rf5 Rxf5+ 97.
Kxf5 Kh7 98. h6 Kh8 99. h7 Kxh7 1/2-1/2

[Event "XXVI Miedzynarodowy Festiwal Szachowy w Poznaniu - OPEN A"]
[Site "Poznan"]
[Date "2018-08-25"]
[Round "8.13"]
[White "Bajerlein, Dawid "]
[Black "Poltorak, Sebastian"]
[Result "0-1"]
[WhiteTitle ""]
[BlackTitle ""]
[WhiteElo "2062"]
[BlackElo "1854"]

1. d4 Nf6 2. c4 e6 3. Nc3 Bb4 4. Qc2 d5 5. cxd5 Qxd5 6. Nf3 Qf5 7. Qxf5 exf5 8.
Bd2 Nc6 9. a3 Bxc3 10. Bxc3 Be6 11. e3 Ne4 12. Bb5 O-O 13. O-O Bd5 14. Nd2 a6
15. Bd3 Rfe8 16. Rfe1 f4 17. exf4 Nxd2 18. Bxd2 Nxd4 19. Bc3 Ne6 20. g3 Nc5 21.
Bf5 Ne4 22. Be5 Nd2 23. Red1 Nf3+ 24. Kg2 Bc6 25. Kh3 Nxe5 26. fxe5 Rxe5 27. Bd7
Bf3 28. Rd4 Rd8 29. g4 Re7 30. Rf4 Rdxd7 31. Rxf3 Rd2 32. b4 Ree2 33. Kg3 Kf8
34. Rc1 c6 35. Rc5 Rd5 36. Rc4 Ke7 37. h4 h6 38. Rcf4 f6 39. h5 Kd7 40. Rc3 Kc7
41. Rfc4 Red2 42. f4 R2d3+ 43. Rxd3 Rxd3+ 44. Kh4 Rd2 45. Re4 Kd7 46. Rc4 b6 47.
Re4 c5 48. bxc5 bxc5 49. Ra4 Rd6 50. Kg3 Kc7 51. Kf3 Kb6 52. Re4 Rd7 53. a4 Kc7
54. Rc4 Kc6 55. Ke4 Re7+ 56. Kd3 Kd5 57. Rc1 a5 58. Rb1 Re4 59. Rb7 Rxa4 60. Rd7+
Ke6 61. Rxg7 Rxf4 62. Kc3 a4 63. Rg6 Kf7 64. Rxh6 Rxg4 65. Rh7+ Kg8 66. Rc7 Rg5
67. h6 Rh5 68. h7+ Rxh7 69. Rc8+ Kg7 70. Rxc5 Kg6 71. Ra5 a3 72. Kd3 f5 73. Ke3
Kg5 74. Kf3 Rh3+ 75. Kf2 Rb3 76. Ra4 f4 77. Ra8 Rb2+ 78. Kf3 Rb3+ 79. Kf2 Kf5
80. Ra7 Ke4 81. Ra4+ Kf5 82. Ra7 f3 83. Ra4 Ke5 84. Ra8 Kd4 85. Rd8+ Kc3 86. Kxf3
a2 0-1

[Event "XXVI Miedzynarodowy Festiwal Szachowy w Poznaniu - OPEN A"]
[Site "Poznan"]
[Date "2018-08-25"]
[Round "8.14"]
[White "Lisiecki, Robert "]
[Black "Golek-schild, Jagoda "]
[Result "1/2-1/2"]
[WhiteTitle ""]
[BlackTitle ""]
[WhiteElo "1759"]
[BlackElo "2033"]

1. e4 c5 2. Nf3 a6 3. c3 d6 4. d4 cxd4 5. cxd4 e6 6. Bd3 Nf6 7. Nc3 Be7 8. O-O
Nc6 9. a3 e5 10. Bc2 Bg4 11. dxe5 Nxe5 12. Bf4 Nxf3+ 13. gxf3 Be6 14. Qd2 O-O
15. Rfd1 Ne8 16. Nd5 Bxd5 17. Qxd5 Qb6 18. Qd3 Rd8 19. Be3 Qa5 20. Kh1 Qh5 21.
Bd4 Qh4 22. Rg1 g6 23. Be3 Qh5 24. Bd1 Qe5 25. Bd4 Qf4 26. Be3 Qe5 1/2-1/2

[Event "XXVI Miedzynarodowy Festiwal Szachowy w Poznaniu - OPEN A"]
[Site "Poznan"]
[Date "2018-08-25"]
[Round "8.15"]
[White "Bednarska-bzdega, Malgorzata "]
[Black "Wloch, Mikolaj "]
[Result "1-0"]
[WhiteTitle ""]
[BlackTitle ""]
[WhiteElo "1984"]
[BlackElo "1772"]

1. e4 c5 2. Nf3 d6 3. d4 cxd4 4. Nxd4 Nf6 5. Nc3 g6 6. Be3 Bg7 7. f3 O-O 8. Qd2
Nc6 9. Bc4 Bd7 10. O-O-O Na5 11. Be2 Rc8 12. Kb1 Nc4 13. Bxc4 Rxc4 14. g4 b5 15.
b3 Rc8 16. Ncxb5 a6 17. Nc3 Qc7 18. Nd5 Nxd5 19. exd5 Qb7 20. Bh6 Bxh6 21. Qxh6
Rc5 22. Qg5 f6 23. Qe3 Re8 24. Ne6 Rec8 25. Nxc5 Rxc5 26. Qxe7 Qc7 27. Qe2 Bb5
28. c4 Bd7 29. Rhe1 f5 30. h3 fxg4 31. hxg4 h5 32. Qe4 Kh7 33. Qe7+ Kh6 34. g5#
1-0

[Event "XXVI Miedzynarodowy Festiwal Szachowy w Poznaniu - OPEN A"]
[Site "Poznan"]
[Date "2018-08-25"]
[Round "8.16"]
[White "Michalski, Karol "]
[Black "Roszkiewicz, Anna"]
[Result "1-0"]
[WhiteTitle ""]
[BlackTitle ""]
[WhiteElo "1983"]
[BlackElo "1750"]

1. d4 Nf6 2. Nf3 e6 3. Bg5 c5 4. e3 Nc6 5. c3 d5 6. Nbd2 h6 7. Bh4 cxd4 8. exd4
Be7 9. Bd3 O-O 10. Qe2 Nh7 11. Bxe7 Qxe7 12. g3 a6 13. a3 b5 14. Ne5 Nxe5 15.
dxe5 g6 16. Nf3 Ng5 17. g4 Bb7 18. Rg1 Rac8 19. Qe3 Kh7 20. Rg3 f5 21. exf6 Qxf6
22. Ne5 Qf4 23. Nxg6 Qxe3+ 24. fxe3 1-0

[Event "XXVI Miedzynarodowy Festiwal Szachowy w Poznaniu - OPEN A"]
[Site "Poznan"]
[Date "2018-08-25"]
[Round "8.17"]
[White "Sobczak, Miroslaw"]
[Black "Zakrzewski, Bartosz"]
[Result "1-0"]
[WhiteTitle ""]
[BlackTitle ""]
[WhiteElo "1955"]
[BlackElo "1533"]

1. e4 c5 2. Nf3 Nc6 3. d4 cxd4 4. Nxd4 e6 5. Nc3 Qc7 6. Be3 a6 7. Qd2 Nf6 8. O-O-O
Bb4 9. f3 h5 10. a3 Be7 11. Bf4 e5 12. Nxc6 bxc6 13. Bg3 d6 14. Bc4 Be6 15. Bxe6
fxe6 16. Qg5 O-O-O 17. Qe3 d5 18. exd5 cxd5 19. Bxe5 Qa5 20. Qa7 Bc5 21. Qb8+
Kd7 22. Qb7+ Ke8 23. Qc6+ Kf7 24. Bc7 Be3+ 25. Kb1 Rc8 26. Qxe6+ Kxe6 27. Bxa5
d4 28. Ne4 Rc6 29. Bd2 Rf8 30. Bxe3 1-0

[Event "XXVI Miedzynarodowy Festiwal Szachowy w Poznaniu - OPEN A"]
[Site "Poznan"]
[Date "2018-08-25"]
[Round "8.18"]
[White "Najdzionek, Boleslaw "]
[Black "Kaluzny, Lukasz"]
[Result "0-1"]
[WhiteTitle ""]
[BlackTitle ""]
[WhiteElo "1715"]
[BlackElo "1943"]

1. e4 c5 2. Nf3 Nc6 3. d4 cxd4 4. Nxd4 Nf6 5. Nc3 d6 6. Be2 e6 7. O-O Be7 8. Be3
O-O 9. Qd2 a6 10. f4 e5 11. Nxc6 bxc6 12. Rad1 Ng4 13. f5 Nxe3 14. Qxe3 Bb7 15.
Bf3 Qa5 16. Kh1 Rfd8 17. b4 Qc7 18. a4 a5 19. Rb1 axb4 20. Rxb4 d5 21. Rxb7 Qxb7
22. exd5 Qa6 23. Rb1 Rdb8 24. Rxb8+ Rxb8 25. dxc6 Bg5 26. Qg1 Qc4 27. Nb5 e4 28.
c7 Rc8 29. Nd6 Qxc7 30. Nxe4 Bf4 31. f6 Qxc2 32. fxg7 Rb8 33. Nf6+ Kxg7 34. Be4
Qxe4 35. Nh5+ Kh6 0-1

[Event "XXVI Miedzynarodowy Festiwal Szachowy w Poznaniu - OPEN A"]
[Site "Poznan"]
[Date "2018-08-25"]
[Round "8.19"]
[White "Weglarz, Janusz"]
[Black "Szuminski, Marek "]
[Result "1/2-1/2"]
[WhiteTitle ""]
[BlackTitle ""]
[WhiteElo "1707"]
[BlackElo "1942"]

1. Nf3 d5 2. e3 Nf6 3. c4 e6 4. Nc3 Be7 5. Be2 O-O 6. O-O c5 7. d4 dxc4 8. Bxc4
Nbd7 9. b3 b6 10. Bb2 Bb7 11. d5 exd5 12. Nxd5 Nxd5 13. Bxd5 Qc7 14. Bxb7 Qxb7
15. Qc2 Rfd8 16. Rad1 Nf8 17. Rxd8 Rxd8 18. Rd1 Qe4 19. Qc1 Rxd1+ 20. Qxd1 h6
21. Ne1 Ng6 22. Qd3 Qe6 23. Nf3 Bf6 24. Bxf6 Qxf6 25. Qb1 Ne5 26. Nxe5 Qxe5 27.
g3 Qd5 28. Qc2 b5 29. e4 Qd4 30. Kf1 Kf8 31. Ke2 Ke7 32. Qd3 Qxd3+ 1/2-1/2

[Event "XXVI Miedzynarodowy Festiwal Szachowy w Poznaniu - OPEN A"]
[Site "Poznan"]
[Date "2018-08-25"]
[Round "8.20"]
[White "Kupsik, Joanna "]
[Black "Nadstoga, Wojciech "]
[Result "1-0"]
[WhiteTitle ""]
[BlackTitle ""]
[WhiteElo "1732"]
[BlackElo "1928"]

1. e4 d6 2. d4 Nf6 3. Nc3 g6 4. Nf3 Bg7 5. Be2 O-O 6. O-O c6 7. a4 Qc7 8. Be3 e5
9. Nd2 Rd8 10. f4 exd4 11. Bxd4 c5 12. Bxf6 Bxf6 13. Nd5 Bd4+ 14. Kh1 Qd7 15.
c3 Bg7 16. f5 Nc6 17. Bb5 Rb8 18. a5 Qe8 19. Qf3 Bd7 20. Nc7 Qf8 21. fxg6 hxg6
22. Qg3 Ne5 23. Bxd7 Rxd7 24. Nd5 Re8 25. Rae1 Rc8 26. Re3 Qd8 27. Qf4 Qxa5 28.
Rh3 Qd8 29. Nf3 Nd3 30. Qe3 Ne5 31. Ng5 Qe8 32. Nh7 Ng4 33. Qf4 Qe6 34. Ng5 Be5
35. Nxe6 Bxf4 36. Nexf4 Kg7 37. Rg3 Ne5 38. Nh5+ Kf8 39. Nhf6 Rdd8 40. Rh3 b5
41. Rf4 g5 42. Rf5 Ng6 43. Rxg5 b4 44. c4 a5 45. Rh8+ Kg7 46. Rh7+ Kf8 47. Rxg6
fxg6 48. Nf4 1-0

[Event "XXVI Miedzynarodowy Festiwal Szachowy w Poznaniu - OPEN A"]
[Site "Poznan"]
[Date "2018-08-25"]
[Round "8.21"]
[White "Niedbala, Wojciech "]
[Black "Pawlowski, Rafal "]
[Result "1/2-1/2"]
[WhiteTitle ""]
[BlackTitle ""]
[WhiteElo "1914"]
[BlackElo "1791"]

1. d4 d5 2. Bf4 Nf6 3. e3 c5 4. c3 e6 5. Nf3 Nc6 6. Bd3 Bd6 7. Bg3 O-O 8. Nbd2
b6 9. e4 dxe4 10. Nxe4 Be7 11. Nxf6+ Bxf6 12. Be4 Bb7 13. dxc5 bxc5 14. Qxd8 Nxd8
15. Bxb7 Nxb7 16. O-O-O Rfd8 17. c4 Rxd1+ 18. Rxd1 Rd8 19. Rxd8+ Bxd8 20. Kc2
f6 21. Bb8 a6 22. a3 Ba5 23. Nd2 Kf7 24. Ne4 Bb6 25. Nd6+ Nxd6 26. Bxd6 Ke8 27.
Kd3 Kd7 28. Bf8 g6 29. Ke4 Ke8 30. Bh6 Bc7 31. Be3 Bd6 32. h4 f5+ 33. Kd3 Kd7
34. f4 Kc6 35. g3 e5 36. Kc3 e4 37. b4 Be7 38. Kb3 Bd6 39. Ka4 Kb6 40. Bd2 Be7
41. Be3 Bd6 42. Kb3 Kc6 43. Ka4 Kb6 44. Kb3 1/2-1/2

[Event "XXVI Miedzynarodowy Festiwal Szachowy w Poznaniu - OPEN A"]
[Site "Poznan"]
[Date "2018-08-25"]
[Round "8.22"]
[White "Simon, Marek "]
[Black "Purczynski, Andrzej"]
[Result "1-0"]
[WhiteTitle ""]
[BlackTitle ""]
[WhiteElo "1902"]
[BlackElo "1235"]

1. d4 Nf6 2. c4 g6 3. Nc3 d5 4. cxd5 Nxd5 5. e4 Nxc3 6. bxc3 Bg7 7. Be3 O-O 8.
Qd2 Nd7 9. h3 a6 10. a4 c5 11. a5 Qc7 12. Ra2 Rd8 13. d5 Qe5 14. Bd3 Qxc3 15.
Nf3 Qxd2+ 16. Kxd2 Rb8 17. Rb1 e5 18. Ke2 f6 19. Nd2 Bf8 20. Rab2 Bd6 21. Nc4
Bf8 22. f3 Kf7 23. Nb6 Nxb6 24. Rxb6 Ra8 25. Rc1 Bd6 26. Rb2 Rb8 27. Bxc5 Bxc5
28. Rxc5 Bd7 29. Rc7 Kg8 30. Rbxb7 Rxb7 31. Rxb7 f5 32. Bxa6 Ra8 33. Bb5 Bxb5+
34. Rxb5 Ra6 35. Kd3 Kf7 36. Kc4 Ke7 37. Rb7+ Kd6 38. Kb5 Ra8 39. a6 Rc8 40. a7
Rc1 41. a8=Q Rb1+ 42. Kc4 Rc1+ 43. Kd3 fxe4+ 44. fxe4 1-0

[Event "XXVI Miedzynarodowy Festiwal Szachowy w Poznaniu - OPEN A"]
[Site "Poznan"]
[Date "2018-08-25"]
[Round "8.23"]
[White "Szafranski, Piotr"]
[Black "Stachowiak, Slawomir "]
[Result "1/2-1/2"]
[WhiteTitle ""]
[BlackTitle ""]
[WhiteElo "1670"]
[BlackElo "1872"]

1. e4 e5 2. Nf3 Nc6 3. Bb5 a6 4. Bxc6 dxc6 5. O-O Bd6 6. d4 Bg4 7. dxe5 Bxf3 8.
Qxf3 Bxe5 9. Nd2 Qf6 10. Qb3 O-O-O 11. Nf3 Bf4 12. e5 Qf5 13. e6 Bxc1 14. exf7
Nh6 15. Raxc1 Nxf7 16. Rcd1 Qf6 17. Rxd8+ Rxd8 18. Re1 Ne5 19. Nxe5 Qxe5 20. Qb4
Qd5 21. b3 Qd2 22. Qe4 Kb8 23. g3 g6 24. Re2 Qc3 25. Re1 Rd2 26. Qe8+ Ka7 27.
Qe3+ Qxe3 28. fxe3 Rxc2 29. e4 Kb8 30. Rf1 Kc8 31. Rf7 Re2 32. Rxh7 Rxe4 33. Kf2
a5 34. Kf3 Re6 35. h4 b5 36. g4 c5 37. h5 c4 38. bxc4 bxc4 39. h6 c3 40. Rh8+
Kb7 41. h7 c2 42. Rb8+ Kc6 43. h8=Q c1=Q 44. Qd4 Qf1+ 45. Kg3 Qe1+ 46. Kf4 Qc1+
47. Kf3 Qh1+ 48. Kg3 Qe1+ 49. Kf4 Qf1+ 50. Kg3 Qe1+ 51. Kf4 Qc1+ 52. Kf3 Qf1+
53. Kg3 Qe1+ 54. Kf4 Qc1+ 55. Kf3 Qf1+ 56. Kg3 Qe1+ 57. Kf4 Qc1+ 58. Kf3 Qh1+
59. Kg3 Qe1+ 60. Kf4 1/2-1/2

[Event "XXVI Miedzynarodowy Festiwal Szachowy w Poznaniu - OPEN A"]
[Site "Poznan"]
[Date "2018-08-25"]
[Round "8.24"]
[White "Rozumek, Krzysztof "]
[Black "Chaczynski, Kamil"]
[Result "1/2-1/2"]
[WhiteTitle ""]
[BlackTitle ""]
[WhiteElo "1848"]
[BlackElo "1760"]

1. Nf3 d5 2. b3 c5 3. Bb2 Nf6 4. e3 e6 5. Bb5+ Nbd7 6. Ne5 Bd6 7. f4 a6 8. Nxd7
Bxd7 9. Bxd7+ Qxd7 10. Qf3 O-O-O 11. g3 Rhe8 12. Nc3 Bc7 13. Na4 Qc6 14. d3 Kb8
15. O-O-O b5 16. Bxf6 gxf6 17. Nb2 Qd7 18. c4 d4 19. e4 f5 20. Rhe1 Ba5 21. Re2
fxe4 22. dxe4 Bc3 23. Qd3 Kc8 24. Rf1 f5 25. Nd1 Ba5 26. Nf2 bxc4 27. bxc4 Bc3
28. Nd1 Ba5 29. Rb2 Kc7 30. Rff2 Rb8 31. Rfe2 Rxb2 32. Rxb2 Rb8 33. exf5 exf5
34. Rxb8 Kxb8 35. Qb1+ Kc7 36. Qd3 Qe6 37. Kc2 Qe4 38. Nf2 Qe3 39. Nh3 Qxd3+ 40.
Kxd3 h6 41. Ng1 Kd7 42. Nf3 Bc7 43. Ne1 Ke6 44. Ke2 Kf6 45. Nd3 Bd6 46. Kf3 Kg6
47. Nc1 Kf6 48. h3 h5 49. h4 Ke6 50. Nb3 Kf6 51. Ke2 Ke6 52. Nd2 Bc7 53. Nf3 Ba5
54. Ne5 Bc7 55. Nd3 Kd6 56. Ne5 Ke6 57. Nf3 Bd6 58. Kd3 Bc7 59. Kc2 Bd8 60. Ne5
Bc7 61. Nd3 Kd7 62. Kb3 Kc6 63. Ka4 Kd6 64. Ne5 Ke6 65. Nf3 Kd6 66. Kb3 Ke6 67.
Kc2 Kf7 68. Kd3 Ke6 69. Ng5+ Ke7 70. Ke2 Kf6 71. Nh7+ 1/2-1/2

[Event "XXVI Miedzynarodowy Festiwal Szachowy w Poznaniu - OPEN A"]
[Site "Poznan"]
[Date "2018-08-25"]
[Round "8.25"]
[White "Szafranski, Maciej "]
[Black "Duszczak, Dariusz"]
[Result "0-1"]
[WhiteTitle ""]
[BlackTitle ""]
[WhiteElo "1425"]
[BlackElo "1845"]

1. e4 d5 2. exd5 Qxd5 3. Nc3 Qd6 4. d4 Nf6 5. Nf3 Bg4 6. Be2 a6 7. Be3 Nc6 8. Qd2
O-O-O 9. O-O-O e6 10. Kb1 Be7 11. h3 Bf5 12. g4 Ne4 13. Nxe4 Bxe4 14. Rhg1 Nb4
15. Ne5 Qd5 16. b3 Qa5 17. a4 b5 18. Qc3 bxa4 19. bxa4 Qxa4 20. Nd3 Bd6 21. Nc5
Bxc2+ 0-1

[Event "XXVI Miedzynarodowy Festiwal Szachowy w Poznaniu - OPEN A"]
[Site "Poznan"]
[Date "2018-08-25"]
[Round "8.26"]
[White "Kus, Aleksander"]
[Black "Zurawski, Kamil"]
[Result "1/2-1/2"]
[WhiteTitle ""]
[BlackTitle ""]
[WhiteElo "1844"]
[BlackElo "1690"]

1. e4 c5 2. Nf3 g6 3. d4 cxd4 4. Qxd4 Nf6 5. Nc3 Nc6 6. Qa4 d6 7. e5 dxe5 8. Nxe5
Bd7 9. Nxd7 Qxd7 10. Be3 Bg7 11. Rd1 Qg4 12. Rd4 Qc8 13. Be2 O-O 14. Rh4 Rd8 15.
Rh3 Qf5 16. O-O a6 17. f3 b5 18. Qh4 Qh5 19. Qg3 Qe5 20. f4 Qf5 21. Bd3 Qg4 22.
Qf2 Nb4 23. Be2 Qf5 1/2-1/2

[Event "XXVI Miedzynarodowy Festiwal Szachowy w Poznaniu - OPEN A"]
[Site "Poznan"]
[Date "2018-08-25"]
[Round "8.27"]
[White "Czarnolewski, Piotr"]
[Black "Glatty, Zbigniew "]
[Result "0-1"]
[WhiteTitle ""]
[BlackTitle ""]
[WhiteElo "1634"]
[BlackElo "1828"]

1. e4 e5 2. Nf3 Nc6 3. Bb5 a6 4. Bxc6 dxc6 5. O-O Qd6 6. Na3 f6 7. Nc4 Qe6 8. b3
c5 9. a4 b6 10. c3 Bb7 11. Re1 O-O-O 12. Qc2 Ne7 13. Bb2 Nc6 14. Rad1 Kb8 15.
d4 cxd4 16. cxd4 exd4 17. Nxd4 Nxd4 18. Bxd4 Bb4 19. Re3 Rhe8 20. f3 Qe7 21. Red3
Rxd4 22. Rxd4 Bc5 23. Kf1 Bxd4 24. Rxd4 Rd8 25. Qd2 Kc8 26. Ne3 Rxd4 27. Qxd4
Qf7 28. Qc3 a5 29. Nf5 Ba6+ 30. Kf2 Qd7 31. Ne3 Qd3 32. Qxd3 Bxd3 33. Ke1 Kd7
34. Kd2 Ba6 35. h4 c6 36. f4 Ke6 37. Nc4 Bxc4 38. bxc4 Kd6 39. Kc3 Kc5 40. e5
fxe5 41. fxe5 b5 42. axb5 cxb5 43. cxb5 Kxb5 44. Kd4 Kc6 45. Kc4 h5 46. Kd4 a4
47. Kc4 a3 48. Kb3 Kd5 49. Kxa3 Kxe5 50. Kb3 Kf4 51. Kc3 Kg3 0-1

[Event "XXVI Miedzynarodowy Festiwal Szachowy w Poznaniu - OPEN A"]
[Site "Poznan"]
[Date "2018-08-25"]
[Round "8.28"]
[White "Wojdak, Jan"]
[Black "Stochnialek, Dominika"]
[Result "1-0"]
[WhiteTitle ""]
[BlackTitle ""]
[WhiteElo "1818"]
[BlackElo "1725"]

1. e4 e6 2. d4 d5 3. Nd2 h6 4. c3 c5 5. exd5 exd5 6. Ngf3 Nf6 7. Bb5+ Bd7 8. Bxd7+
Nbxd7 9. O-O Be7 10. dxc5 Nxc5 11. Nb3 O-O 12. Nfd4 Nxb3 13. Qxb3 Qc7 14. g3 a6
15. Bf4 Qd7 16. Rfe1 Bc5 17. Rad1 b5 18. Qc2 Rac8 19. Qf5 Bxd4 20. Qxd7 Bxf2+
21. Kxf2 Nxd7 22. Rxd5 Nf6 23. Rd6 Ra8 24. Kf3 Rfc8 25. g4 Nh7 26. Rb6 Nf8 27.
Rd1 Ne6 28. Rdd6 Nc5 29. b3 Ne6 30. Rbc6 Rxc6 31. Rxc6 Nxf4 32. Kxf4 Kf8 33. c4
bxc4 34. bxc4 Ra7 35. Ke5 Ke7 36. c5 Kd7 37. Rd6+ Ke7 38. Rb6 Rc7 39. Kd5 Rd7+
40. Kc6 Rd2 41. Rxa6 Rxh2 42. Ra7+ Ke6 43. Kc7 h5 44. gxh5 Rxh5 45. c6 Rh2 46.
Kb8 Kd6 47. c7 1-0

[Event "XXVI Miedzynarodowy Festiwal Szachowy w Poznaniu - OPEN A"]
[Site "Poznan"]
[Date "2018-08-25"]
[Round "8.29"]
[White "Hoffmann, Kacper "]
[Black "Wawrzyniak, Pawel"]
[Result "0-1"]
[WhiteTitle ""]
[BlackTitle ""]
[WhiteElo "1569"]
[BlackElo "1814"]

1. Nc3 Nf6 2. e4 e5 3. Nf3 Nc6 4. Bb5 Be7 5. d3 d6 6. Be3 Bd7 7. Bc4 Na5 8. Bb3
Nxb3 9. axb3 a6 10. d4 exd4 11. Bxd4 O-O 12. O-O Re8 13. Re1 Bg4 14. Qd3 Bh5 15.
e5 Bg6 16. Qd2 dxe5 17. Nxe5 Bxc2 18. Qxc2 Qxd4 19. Rad1 Qc5 20. Nc4 b5 21. Re5
Qc6 22. Rde1 Kf8 23. Ne3 b4 24. Ncd5 Qxc2 25. Nxc2 Nxd5 26. Rxd5 Bd6 27. Kf1 a5
28. Rh5 h6 29. Ne3 Bf4 30. Nc4 Rxe1+ 31. Kxe1 Bg5 32. Rh3 Ke7 33. Rd3 a4 34. bxa4
Rxa4 35. b3 Ra2 36. Ne5 c5 37. Nd7 Rc2 38. Nb6 Bf6 39. Nc4 Bd4 40. Ne3 Bxe3 41.
Rxe3+ Kd6 42. g3 Kd5 43. Rf3 f6 44. Kd1 Rc3 45. Rf5+ Kd6 46. Kd2 Rxb3 47. Kc2
Ra3 48. Rf4 Kd5 49. Rf5+ Kc6 50. Kb2 Ra7 51. Kb3 Kb5 52. Rd5 Ra3+ 53. Kb2 Rf3
54. Rd8 Rxf2+ 55. Kb3 c4# 0-1

[Event "XXVI Miedzynarodowy Festiwal Szachowy w Poznaniu - OPEN A"]
[Site "Poznan"]
[Date "2018-08-25"]
[Round "8.30"]
[White "Nowak, Patrycja"]
[Black "Polarczyk, Pawel "]
[Result "0-1"]
[WhiteTitle ""]
[BlackTitle ""]
[WhiteElo "1221"]
[BlackElo "1811"]

1. d4 Nf6 2. Nf3 g6 3. Bf4 Bg7 4. e3 O-O 5. h3 c5 6. c3 Qb6 7. Qc1 d5 8. Bd3 Bd7
9. Nbd2 Nc6 10. O-O Rac8 11. a4 cxd4 12. exd4 Nh5 13. Be3 f5 14. Ne5 Rfd8 15.
Ndf3 Qc7 16. Nxc6 Qxc6 17. Bg5 Re8 18. Re1 Qd6 19. Ne5 a6 20. Be2 Nf6 21. Bf4
Qb6 22. Bf3 Bc6 23. Nd3 Ne4 24. a5 Qd8 25. Bd1 Bb5 26. Ne5 e6 27. f3 Qh4 28. Be2
Qf2+ 29. Kh2 Bxe2 30. fxe4 Bxe5 31. Bxe5 Bf3 32. Qg5 fxe4 33. Rg1 Be2 34. Qh6
Re7 35. Rac1 Qf5 36. Rc2 Bd3 37. Rcc1 Rd7 38. Qe3 Rf7 39. Rcd1 Qf2 40. Qc1 Qc2
41. Qa1 Rf2 42. Qa3 Re8 43. Rc1 Qxb2 44. Qd6 Qb5 45. Qc7 Rf7 46. Qb6 Qxb6 47.
axb6 e3 48. Rge1 e2 49. Kg3 Rf1 50. Bd6 Rd8 51. Bc5 Rd7 0-1